000 00510nam a2200169Ia 4500
008 090201s9999 xx 000 0 und d
010 _aKPL-27538
040 _bमराठी
041 _aमराठी
082 _a26425
_b27538
100 _aदेवदत्त पाटील
245 _aव्याध
_cदेवदत्त पाटील
260 _c2004
_bदुर्गा बुक स्टॉल
300 _a364
_bमोठा
600 _aव्याध
942 _cBOOK
999 _c225488
_d225488